Представление документа в формате RUSMARC

ПолеНазваниеЗначение
  Тип записи c
  Библиографический уровень m
001 Контрольный номер RU/УОНБ/EK_N/693067455
005 Дата корректировки 20240131001627.1
013 Номер (ISMN) __
d Цена 81 к.
071 Издательские номер (звукозапись и ноты) 21
a Номер, присвоенный агентством Z. 7966
100 Данные общей обработки __
a Данные общей обработки 20211217d1976 u y0rusy0189||||ba
101 Язык документа 0_
a Язык текста mul
f Язык титульного листа hun
f Язык титульного листа ger
f Язык титульного листа eng
102 Страна публикации __
a Страна публикации HU
105 Кодированные данные (монография) __
a Кодированные данные (монография) y###||||000|y
125 Кодированные данные звукозаписи и нотных изданий __
a Форма изложения нотного текста с|
128 Кодированные данные (звукозаписи-физические характеристики) __
a Кодированные данные: Музыкальная форма и тональность или лад zz
c Инструменты или голоса, рекомендуемые для солистов (устаревшее) kb||
200 Заглавие и сведения об ответственности 1_
a Заглавие [B.] 3
210 Выходные данные __
d Дата издания 1976
215 Физическое описание __
a Объем 38 с.
461 Уровень набора _0
1 001RU/УОНБ/EK_N/693059831
1 200
a Kisebb orgonamuvek
b Ноты
d Kleine Orgelstucke
d Small Pieces For Organ
f Pikethy
z ger
z eng
v [B.] 3
1 210
a Budapest
c Editio musica
d 1976
1 225
a orgonaszo
d Orgelkompositionen
d Organ Compositions
500 Унифицированное заглавие 10
a Унифицированное заглавие Пьесы
512 Заглавие обложки 1_
a Заглавие обложки Kisebb orgonamuvek
517 Другие варианты заглавия 1_
a Другие варианты заглавия Маленькие пьесы для органа
600 Персоналии _1
a Персоналии (Фамилия) Пикети, Тибор
600 Персоналии _1
a Персоналии (Фамилия) Pikethy, Tibor
606 Тематические рубрики 0_
a Основная рубрика Органная музыка зарубежная
x Основная подрубрика Пьесы
610 Ключевые слова 0_
a Ключевые слова Пикети Т.
610 Ключевые слова 0_
a Ключевые слова органная музыка зарубежная
610 Ключевые слова 0_
a Ключевые слова пьесы
686 Индексы других классификаций __
a Классификационный индекс 85.954.3(3)я44
2 Код системы rubbk
801 Источник записи _0
a Страна RU
b Организация Ульяновская ОНБ
c Дата составления 20211217
g Правила каталогизации RCR
801 Источник записи _1
a Страна RU
b Организация Ульяновская ОНБ
c Дата составления 20211217
g Правила каталогизации RCR
901 Тип документа __
t Тип документа n
w Контрольный № источника RU/УОНБ/EK_N/693059831
909 Создатель записи __
a Создатель записи Никитина Т. А.
938 Служебная информация __
a Имя БД noti
b Имя библиотеки УОНБ
c Имя АИБС МАРК-SQL
d Номер DOC_ID в БД 25064